Dolphin power /
This documentary, produced by Roslyn Lawrence, is about the speed of dolphins as they swim.
| Other Authors: | |
|---|---|
| Format: | Video |
| Language: | English |
| Language Notes: | This edition in English. |
| Published: |
New South Wales :
ABC Commercial,
2011.
|
| Series: | Catalyst ;
Series 12, Episode 24, Part 5 VAST: academic video online |
| Subjects: | |
| Online Access: | Connect to this streaming video (Alexander Street Press) |
MARC
| Tag | First Indicator | Second Indicator | Subfields |
|---|---|---|---|
| LEADER | 00000cgm a2200000Ma 4500 | ||
| 001 | in00005557021 | ||
| 006 | m o c | ||
| 007 | cr |n||||||||a | ||
| 007 | vz |za|z| | ||
| 008 | 140513s2011 xna001 e o vueng d | ||
| 005 | 20241201231004.5 | ||
| 035 | |a (OCoLC)ocn885256563 | ||
| 040 | |a ALSTP |b eng |e pn |c ALSTP |d OCLCO |d OCLCF |d OCLCO |d OCLCQ |d OCLCO |d OCLCQ |d MNI |d WYU |d UPM |d OCLCO |d CJT |d OCLCL |d NUI |d OCLCO | ||
| 019 | |a 1373423033 |a 1430840714 |a 1444011933 | ||
| 035 | |a (OCoLC)885256563 |z (OCoLC)1373423033 |z (OCoLC)1430840714 |z (OCoLC)1444011933 | ||
| 049 | |a TXAM | ||
| 245 | 0 | 0 | |a Dolphin power / |c produced by Roslyn Lawrence. |
| 260 | |a New South Wales : |b ABC Commercial, |c 2011. | ||
| 300 | |a 1 online resource (1 min.). | ||
| 306 | |a 000119 | ||
| 336 | |a two-dimensional moving image |b tdi |2 rdacontent | ||
| 337 | |a computer |b c |2 rdamedia | ||
| 338 | |a online resource |b cr |2 rdacarrier | ||
| 347 | |a data file |2 rda | ||
| 490 | 0 | |a Catalyst ; |v Series 12, Episode 24, Part 5 | |
| 490 | 0 | |a VAST: academic video online | |
| 500 | |a Title from resource description page (viewed July 10, 2014). | ||
| 520 | |a This documentary, produced by Roslyn Lawrence, is about the speed of dolphins as they swim. | ||
| 546 | |a This edition in English. | ||
| 650 | 0 | |a Dolphins |x Behavior. | |
| 650 | 0 | |a Dolphins. | |
| 650 | 2 | |a Dolphins | |
| 650 | 6 | |a Dauphins |x Mœurs et comportement. | |
| 650 | 6 | |a Dauphins. | |
| 650 | 7 | |a Dolphins |2 fast | |
| 650 | 7 | |a Dolphins |x Behavior |2 fast | |
| 655 | 2 | |a Documentaries and Factual Films | |
| 655 | 4 | |a Alexander Street Video. | |
| 655 | 7 | |a documentary film. |2 aat | |
| 655 | 7 | |a Documentary films |2 fast | |
| 655 | 7 | |a Documentary films. |2 lcgft | |
| 655 | 7 | |a Documentaires. |2 rvmgf | |
| 700 | 1 | |a Lawrence, Roslyn. |4 pro | |
| 710 | 2 | |a ABC Commercial. |4 prn | |
| 758 | |i has work: |a Dolphin Power (MovingImage) |1 https://id.oclc.org/worldcat/entity/E39PD3xDKBPGXHxByVHcKTD3Md |4 https://id.oclc.org/worldcat/ontology/hasWork | ||
| 856 | 4 | 0 | |u http://proxy.library.tamu.edu/login?url=https://www.aspresolver.com/aspresolver.asp?VAST;2157593 |z Connect to this streaming video (Alexander Street Press) |t 0 |
| 955 | |a Alexander Street Press subscription streaming video | ||
| 994 | |a 92 |b TXA | ||
| 999 | f | f | |s 11f98865-41df-44ae-879b-8f46bf606084 |i 3483f5d0-7cea-4794-a382-1ac31983ae90 |t 0 |
| 952 | f | f | |a Texas A&M University |b College Station |c Electronic Resources |d Available Online |t 0 |h Library of Congress classification |
| 998 | f | f | |t 0 |l Available Online |